000
00336nam a2200145Ia 4500
008
220216s9999 xx 000 0 und d
100
_a
Newsam A
245
0
_a
Covers and root disease
260
_b
Planters Bulletin
_c
1963
300
_a
177-181
650
_a
Cover crops
650
_a
Root disease
650
_a
Rubber
942
_c
JS
999
_c
56483
_d
56483